| 000 | 00735nam a22002057a 4500 | ||
|---|---|---|---|
| 999 |
_c20586 _d20586 |
||
| 003 | AR-CdUCM | ||
| 008 | 190531b ||||| |||| 00| 0 spa d | ||
| 040 |
_aMUNICIPALIDAD PROVINCIAL DEL CUSCO _cBIBLIOTECA MUNICIPAL DEL CUSCO |
||
| 082 |
_a336.985 / _bA57 |
||
| 100 |
_aAndrade, E. _943033 |
||
| 245 |
_aLey del presupuesto 1997 : _bComentado y concordado / |
||
| 260 |
_aLima: _bLucero, _c1997. |
||
| 300 |
_a432 páginas ; _c22 cm. |
||
| 505 | _aContenido: Sistema presupuestal en el Perú -- Ley de presupuesto del sector publico para 1997 -- Ley de endeudamiento externo del sector publico... | ||
| 650 |
_aLey _97887 |
||
| 650 |
_aSector publico _96350 |
||
| 650 |
_aPerú _935 |
||
| 942 |
_2ddc _cLIBROS |
||
| 945 | _aJavier | ||